| 000 | 00529nam a22001817a 4500 | ||
|---|---|---|---|
| 005 | 20240920150234.0 | ||
| 008 | 240919b |||||||| |||| 00| 0 eng d | ||
| 020 | _a978-93-90031-67-2 | ||
| 041 | _aeng | ||
| 082 | _a615.191 | ||
| 100 |
_aTYAGI, DR. SACHIN & DARJI, DR.VINAY CHHANALAL. AND KRISHNAVENI, DR.K. _98543 |
||
| 245 | _aPHARMACY PRACTICE [ B.PHARMA. 7TH SEMESTER ] | ||
| 250 | _aRE.PRINT ED. 2023 | ||
| 260 |
_aLUCKNOW _bTHAKUR PUBLICATION PVT.LTD |
||
| 300 | _a304;P | ||
| 650 |
_aPHARMACY _xB.PHARMA |
||
| 942 | _cBK | ||
| 999 |
_c8672 _d8670 |
||